| 000 | 00482nab a2200145Ia 4500 | ||
|---|---|---|---|
| 003 | ES-SlBCS | ||
| 005 | 20210705211836.0 | ||
| 008 | 140529s2003 xxu||||| |||| 00| 0 por d | ||
| 041 | _apor | ||
| 100 | 1 |
_aCarvalho, José Mauricio de _9124654 |
|
| 245 | 0 | 2 |
_aA liberdade de pensamento e os valores do ocidente _c José Mauricio de Carvalho |
| 650 | 0 | 4 |
_aLibertad de Pensamiento _9209091 |
| 773 | 0 |
_tEducaçao e Filosofia _gvol. 17, nº. 34, 2003, págs. 265-274 _wRev1534 |
|
| 942 | _cAR | ||
| 999 |
_c601421 _d601421 |
||